Catálogo
 En Linea

Santo Domingo - Cominican Republic. (Registro nro. 39397)

Detalles MARC
000 -CABECERA
campo de control de longitud fija 00283nam a2200097 a 4500
005 - FECHA Y HORA DE LA ÚLTIMA TRANSACCIÓN
campo de control 20201002033812.0
008 - DATOS DE LONGITUD FIJA--INFORMACIÓN GENERAL
campo de control de longitud fija 130729s1926 000 spa d
040 ## - FUENTE DE LA CATALOGACIÓN
Centro catalogador/agencia de origen DO-SdBNP
245 #0 - MENCIÓN DE TÍTULO
Título Santo Domingo - Cominican Republic.
260 ## - PUBLICACIÓN, DISTRIBUCIÓN, ETC.
Lugar de publicación, distribución, etc. Santo Domingo -- j.r. vda. garcia,
Fecha de publicación, distribución, etc. 1926 -- 175 pag.

No hay ítems disponibles.

Con tecnología Koha